00343nam a22001457a 4500003000700000005001700007008004100024082002100065100001700086245002100103250001100124260003700135300000800172650001700180MPLRDC20220104124902.0210129b ||||| |||| 00| 0 eng d a857.9 WLS-16 v.2 a卧龙生著 a七绝剑. 二c a再版 ab文天出版有限公司c1986 b平 a武侠小说